000 00621nam a2200205 a 4500
001 000035539
005 20200930074422.0
008 111103s2000 sp 000 0 spa d
020 _a8488066562
040 _aDO-SdBNP
_bspa
_cBNPHU
082 _axxxx
_bN576
100 1 _aNhat Hanh, Thich
_961434
245 1 4 _aLas claves del Zen :
_bGuía para la prática del zen /
_cThich Nhat Hanh ; introducción Philip Kapleau.
250 _a2a. ed.
260 _aMadrid :
_bNeo Person,
_c2000.
300 _a157 p. ;
_c21 cm.
490 0 _aNuevo mundo
700 1 _aKapleau, Philip,
_eint.
_961435
830 0 _aNuevo mundo
_940236
999 _c35030
_d35030